| 000 | 01042nam a2200229 i 4500 | ||
|---|---|---|---|
| 001 | 141293 | ||
| 003 | ES-MaACL | ||
| 005 | 20260127062547.0 | ||
| 007 | t| | ||
| 008 | 070920s1975 sp ||||1| spa d | ||
| 080 | _a340.132.6(042) | ||
| 100 | 1 |
_aVillar Palasí, José Luis. _9115097 |
|
| 245 | 1 | 3 |
_aLa interpretación y los apotegmas jurídico-lógicos a la luz del nuevo título preliminar del Código civil _b: discurso leído en su recepción en la Real Academia de Jurisprudencia y Legislación, el 10 de febrero de 1975 / _cpor José Luis Villar Palasí y contestación de Eduardo García-Enterría y Martínez-Carande. |
| 260 |
_aMadrid : _b[s.n.], _c1975. |
||
| 300 |
_aXVI, 278 p. ; _c24 cm. |
||
| 594 | _aPrecede al tít.: Real Academia de Jurisprudencia y Legislación. | ||
| 650 | 1 | 4 |
_aDerecho- _xInterpretación _911626 |
| 700 | 1 |
_aGarcía de Enterría, Eduardo. _954425 |
|
| 700 |
_aReal Academia de Jurisprudencia y Legislación de España _9217612 |
||
| 852 |
_aES-MaACL _jE-7236 |
||
| 999 |
_c141293 _d141293 |
||